000 01064cab a2200325 4500
001 ABS54929
008 090401t1996 xxu||||| |||| 00| 0 eng d
035 _a(Sirsi) u13173
041 _aeng
100 _aMaitland, M.C.
245 _aPromoting sustainable management the TGA way
260 _c1996
350 _a0
490 _aForestry & British Timber
_v25(5) May 1996, 42-43(2)
520 _aLooks at various initiatives intending to achieve sustainable forest management, most of which involve the certification of timber.
650 _aWWF-UK FOREST AND TRADE NETWORK
650 _aECO-LABELLING
650 _aENVIRONMENTAL STRATEGIES EUROPE
650 _aFOREST MANAGEMENT
650 _aFORESTRY INDUSTRY COMMITTEE OF GREAT BRITAIN
650 _aFORESTRY STEWARDSHIP COUNCIL
650 _aISO 14001: 1996
650 _aSINGLE FOREST CERTIFICATION
650 _aSUSTAINABLE MANAGEMENT
650 _aSWEDISH FOREST CERTIFICATION SCHEME
650 _aTIMBER INDUSTRY
690 _aCONSERVATION
942 _n0
948 _c04/03/1997
999 _c8476
_d8476